书目信息 |
| 题名: |
探寻学校自主变革之路
|
|
| 作者: | 李红婷 主编 | |
| 分册: | 高中卷 | |
| 出版信息: | 北京 北京师范大学出版社 2016 |
|
| 页数: | 467页 | |
| 开本: | 24cm | |
| 丛书名: | ||
| 单 册: | ||
| 中图分类: | G420 , G632.0 | |
| 科图分类: | ||
| 主题词: | 教学研究--jiao xue yan jiu--高中 | |
| 电子资源: | ||
| ISBN: | 978-7-303-19776-7 | |
| 000 | 01133nam0 2200277 450 | |
| 001 | 012001000947 | |
| 005 | 20131025135231.0 | |
| 010 | @a978-7-303-19776-7@dCNY58.00 | |
| 099 | @aCAL 012016105192 | |
| 100 | @a20160531d2016 em y0chiy50 ea | |
| 101 | 0 | @achi |
| 102 | @aCN@b110000 | |
| 105 | @aa z 000yy | |
| 106 | @ar | |
| 200 | 1 | @a探寻学校自主变革之路@Atan xun xue xiao zi zhu bian ge zhi lu@i高中卷 |
| 210 | @a北京@c北京师范大学出版社@d2016 | |
| 215 | @a467页@c图@d24cm | |
| 314 | @a主编、编著者取自编委会名单 | |
| 314 | @a编著者还有:张志刚、张晓峰、崔成志、郑庆全、徐洁 | |
| 330 | @a本书分上、中、下三篇,上篇分为学校诊断、学校规划和学校发展报告三部分,展现了学校系统变革的典型案例;中篇选登了县域教育发展的典型案例;下篇在分别阐述学校文化、课程建设、教学改革、教师专业成长、学生自主发展等方面的理性发展思考基础上,结合相应方面的典型案例,展示起点不同、发展路径不同的学校所达成的发展成效及特色。 | |
| 606 | 0 | @a教学研究@Ajiao xue yan jiu@x高中 |
| 690 | @aG420@v5 | |
| 690 | @aG632.0@v5 | |
| 701 | 0 | @a李红婷@Ali hong ting@4主编@4编著 |
| 801 | 0 | @aCN@b江苏凤凰@c20191020 |
| 905 | @b1221953-6@dG420@e431@f4 | |
| 探寻学校自主变革之路.高中卷.-北京:北京师范大学出版社,2016 |
| 467页:图;24cm |
| ISBN 978-7-303-19776-7:CNY58.00 |
| 本书分上、中、下三篇,上篇分为学校诊断、学校规划和学校发展报告三部分,展现了学校系统变革的典型案例;中篇选登了县域教育发展的典型案例;下篇在分别阐述学校文化、课程建设、教学改革、教师专业成长、学生自主发展等方面的理性发展思考基础上,结合相应方面的典型案例,展示起点不同、发展路径不同的学校所达成的发展成效及特色。 |
| ● |
| 相关链接 |
|
|
|
|
正题名:探寻学校自主变革之路
索取号:G420/431
 
预约/预借
| 序号 | 登录号 | 条形码 | 馆藏地/架位号 | 状态 | 备注 |
| 1 | 1221953 | 212219534 | 第一样本阅览室/ [索取号:G420/431] | 在馆 | |
| 2 | 1221954 | 212219543 | 教育系资料室/ [索取号:G420/431] | 在馆 | |
| 3 | 1221955 | 212219552 | 教育系资料室/ [索取号:G420/431] | 在馆 | |
| 4 | 1221956 | 212219561 | 第四借阅区/ [索取号:G420/431] | 在馆 |